LIBRARY & INFORMATION CENTRE, KCAET, TAVANUR

ONLINE PUBLIC ACCESS CATALOGUE (OPAC)

Fluid Dynamics and Heat Transfer of Turbomachinery (Record no. 14472)

MARC details
000 -LEADER
fixed length control field 00322nam a22001217a 4500
020 ## - INTERNATIONAL STANDARD BOOK NUMBER
ISBN 9788126545797
082 ## - DEWEY DECIMAL CLASSIFICATION NUMBER
Classification number 621.402
Item number LAK/FL
100 ## - MAIN ENTRY--AUTHOR NAME
Personal name Lakshminarayana,Budugur
245 ## - TITLE STATEMENT
Title Fluid Dynamics and Heat Transfer of Turbomachinery
260 ## - PUBLICATION, DISTRIBUTION, ETC. (IMPRINT)
Place of publication New Delhi
Name of publisher Wiley India Pvrt.Ltd
Year of publication 2014
300 ## - PHYSICAL DESCRIPTION
Number of Pages 809
942 ## - ADDED ENTRY ELEMENTS (KOHA)
Koha item type Books
Holdings
Withdrawn status Lost status Damaged status Collection code Home library Current library Shelving location Date acquired Source of acquisition Cost, normal purchase price Full call number Accession Number Koha item type
        KAUAET KAUAET General Stacks 07/07/2016 Arunima Book Distributor,TVPM 4495.00 621.402 LAK/FL 24816 Books
free website counter